| 000 | 00743pam a2200253 a 4500 | ||
|---|---|---|---|
| 001 | 60337 | ||
| 003 | BD-RjUL | ||
| 005 | 20211209080828.0 | ||
| 008 | 161229s1991 ilua b 001 0 eng | ||
| 020 | _a0256064571 | ||
| 035 | _a(BD-RjUL)60461 | ||
| 040 |
_aDLC _cDLC _dDLC _beng |
||
| 041 | _aeng | ||
| 082 | 0 | 0 |
_a338.5 _223 _bKAM 1991 |
| 100 | 1 |
_aKatz, Michael L. _9179545 |
|
| 245 | 1 | 0 |
_aMicroeconomics / _cMichael L. Katz, Harvey S. Rosen. |
| 260 |
_aHomewood, IL : _bIrwin, _cc1991. |
||
| 300 |
_axxxiii, 732 p. : _bill. ; _c27 cm. |
||
| 504 | _aIncludes bibliographical references (p. 714-718) and index. | ||
| 650 | 0 |
_aMicroeconomics. _9172724 |
|
| 700 | 1 |
_aRosen, Harvey S. _9179546 |
|
| 942 |
_2ddc _cBK |
||
| 999 |
_c60337 _d60337 |
||